Country Compass - World #5 - Statistics

General Stats
  • This quiz has been taken 14 times
  • The average score is 12 of 14
Answer Stats
Country % Correct
Brazil
92%
Egypt
92%
Ethiopia
92%
Italy
92%
Kenya
92%
Mozambique
92%
South Africa
92%
Spain
92%
Sudan
92%
Tanzania
92%
Eritrea
83%
Eswatini
75%
Lesotho
75%
Portugal
67%
No matching quizzes found
Score Distribution
Percent of People with Each Score
Percentile by Number Answered
Your Score History
You have not taken this quiz